000 00604nam a2200193Ia 4500
003 GCL
008 140319s9999 xx 000 0 ara d
040 _aGCL /
_cGCL
082 0 4 _a811.009
_bع ش
100 1 _aعبدالعزيز المقالح
245 1 0 _aالشعر: بين الرؤيا والتشكيل /
_cعبدالعزيز المقالح
260 _a[S.N] :
_bدار طلاس للدراسات والترجمة ،
_c1985
300 _a514 ص
490 _a
650 0 4 _aالشعر العربى
650 0 4 _aدواوين وقصائد
650 0 4 _aتاريخ ونقد
942 _2ddc
_cBK
999 _c35114
_d35114